bars/boites zaragoza - Statistiques

Statistiques générales
  • Ce quiz a été pris 13 fois
  • Le résultat moyen est 7 sur 24
Statistiques - réponses
Réponse % Correct
gallagher
100%
kenbo
100%
parros
100%
la cucaracha
50%
mamanucca
50%
manolo la nuit
50%
oasis
50%
supernova
50%
tony wilson
50%
tropical
50%
bull
0%
cafe cantante
0%
casa del loco
0%
espit chupitos
0%
fox
0%
hide
0%
jardin del temple
0%
la encantadora
0%
la taberna
0%
momoa
0%
moogli
0%
reset
0%
sarao
0%
taboo
0%
Aucun quiz correspondant
Distribution des résultats
% des personnes avec chaque résultat
Percentile par nombre de réponses
Votre historique - résultats
Vous n’avez pas pris ce quiz